000 00614nam a2200229Ia 4500
003 OSt
005 20220925202427.0
006 a|||||r|||| 00| 0
007 ta
008 220923b |||||||| |||| 00| 0 eng d
020 _a8129100525
037 _cGeneral Book
040 _aRTL
_cRTL
_beng
041 _2eng
_aeng
082 _aX.2s, P3/GD
245 0 _aINDIA
_b Observ statistical handbook
260 _aDelhi
_bRupa
_c2003
300 _avarious pagination
_ccm.
650 _aEconomic Conditions India
_9263680
942 _hX.2s, P3/GD
_cGB
_2CC
999 _c543133
_d543133